Statistics for Football League Championship Play-Off Winners

Click here to take the quiz!

General Stats

  • This quiz has been taken 1,035 times
  • The average score is 19 of 27

Answer Stats

HintAnswer% Correct
2005West Ham United
86%
2012West Ham United
86%
2013Crystal Palace
80%
1997Crystal Palace
80%
1989Crystal Palace
80%
2004Crystal Palace
80%
2007Derby County
79%
2008Hull City
78%
2011Swansea City
77%
2006Watford
77%
1999Watford
77%
2010Blackpool
76%
2009Burnley
76%
1994Leicester City
72%
1996Leicester City
72%
2003Wolverhampton Wanderers
71%
1995Bolton Wanderers
68%
2001Bolton Wanderers
68%
2000Ipswich Town
67%
2002Birmingham City
65%
1992Blackburn Rovers
64%
1998Charlton Athletic
64%
1987Charlton Athletic
64%
1993Swindon Town
56%
1990Swindon Town
56%
1988Middlesbrough
22%
1991Notts County
15%

Score Distribution

Percentile by Number Answered

Percent of People with Each Score

Your Score History

You have not taken this quiz